Guess the Country Flags With One Star - Statistics

General Stats
  • This quiz has been taken 292 times
    285 since last reset
  • The average score is 29 of 36
Answer Stats
Picture Answer % Correct
Pakistan
95%
Israel
94%
Turkey
93%
Chile
91%
Cuba
91%
Somalia
91%
Tunisia
91%
Vietnam
90%
Angola
89%
Liberia
89%
Mauritania
89%
Jordan
88%
Mozambique
88%
Myanmar
87%
Togo
87%
Burkina Faso
86%
Djibouti
85%
Ethiopia
85%
Morocco
85%
Nauru
83%
South Sudan
83%
Cameroon
82%
Central African Republic
82%
East Timor
82%
North Korea
79%
Suriname
77%
Ghana
76%
Zimbabwe
73%
Guinea-Bissau
72%
Senegal
72%
Marshall Islands
70%
Libya
67%
Malaysia
66%
Algeria
63%
Azerbaijan
40%
D.R. Congo
40%
No matching quizzes found
Score Distribution
Percent of People with Each Score
Percentile by Number Answered
Your Score History
You have not taken this quiz since the last reset